Statistics for Top 20 Most Famous Languages

Click here to take the quiz!

General Stats

  • This quiz has been taken 2,595 times
  • The average score is 15 of 20

Answer Stats

%language% Correct
100English
100%
98Español
99%
96Français
98%
92Deutsch
94%
90Pyсский Russian
92%
84日本語 Japanese
91%
84Italiano
89%
91官话 Mandarin
89%
89Português
77%
67Nederlands
76%
84العَرَبِيةُ Arabic
67%
66Polszczyzna
67%
75हिन्दी Hindi
58%
60Türkçe
57%
70한국어/조선말 Korean
56%
62Bahasa Melayu/Indonesia
54%
59广州话 Cantonese
54%
55Tiếng Việt
53%
56ภาษาไทย Thai
43%
48فارسی Persian
39%

Score Distribution

Percentile by Number Answered

Percent of People with Each Score

Your Score History

You have not taken this quiz